Estatísticas para Os 10 países mais velhos do mundo

Clique aqui para jogar o quiz

Estatísticas Gerais

  • Esse quiz foi jogado 182 vezes
  • A pontuação média é 4 de 10

Estatísticas das Respostas

AnoPaíses% Correto
4221A.CChina
93%
2660A.CJapão
88%
3550A.CIrã
63%
9846D.CFrança
60%
1980A.CEtiópia
41%
8800D.CDinamarca
27%
10976D.CAustria
22%
6301D.CSan Marino
22%
5190A.CArmenia
12%
7768D.CServia
11%

Distribuição das Pontuações

Percentil de Números Respondidos

Porcentagem de Pessoas com Cada Pontuação

Sua Pontuação Histórica

Você não jogou esse quiz